التأصيل الاسلامي لفلسفة البصريات / (رقم التسجيلة. 173721)

تفاصيل مارك
000 -LEADER
fixed length control field 05015namaa22004211i 4500
003 - CONTROL NUMBER IDENTIFIER
control field OSt
005 - أخر تعامل مع التسجيلة
control field 20250913143003.0
008 - FIXED-LENGTH DATA ELEMENTS--GENERAL INFORMATION
fixed length control field 250731s2024 ua a|||frm||| 000 0 eng d
040 ## - CATALOGING SOURCE
Original cataloguing agency EG-GICUC
Language of cataloging ara
Transcribing agency EG-GICUC
Modifying agency EG-GICUC
Description conventions rda
041 0# - LANGUAGE CODE
Language code of text/sound track or separate title ara
Language code of summary or abstract ara
-- eng
049 ## - Acquisition Source
Acquisition Source إيداع
082 04 - DEWEY DECIMAL CLASSIFICATION NUMBER
Classification number 189.1
092 ## - LOCALLY ASSIGNED DEWEY CALL NUMBER (OCLC)
Classification number 189.1
Edition number 21
097 ## - Degree
Degree مــــاجستير
099 ## - LOCAL FREE-TEXT CALL NUMBER (OCLC)
Local Call Number Cai01.06.06.M.Sc.2024.عب.ت
100 0# - MAIN ENTRY--PERSONAL NAME
Authority record control number or standard number ،عبير حسنين علي ابراهيم
Preparation إعداد.
245 12 - TITLE STATEMENT
Title التأصيل الاسلامي لفلسفة البصريات /
Statement of responsibility, etc. اعداد عبير حسنين علي ابراهيم؛ إشراف أ.د. السيد رزق الحجر، أ.د. مجدي عمر.
246 15 - VARYING FORM OF TITLE
Title proper/short title Islamic origination of optics philosophy /
264 #0 - PRODUCTION, PUBLICATION, DISTRIBUTION, MANUFACTURE, AND COPYRIGHT NOTICE
Date of production, publication, distribution, manufacture, or copyright notice 2024.
300 ## - PHYSICAL DESCRIPTION
Extent 182 ورقة:
Other physical details إيضاحيات ؛
Dimensions 30 cm. +
Accompanying material CD.
336 ## - CONTENT TYPE
Content type term text
Source rda content
337 ## - MEDIA TYPE
Media type term Unmediated
Source rdamedia
338 ## - CARRIER TYPE
Carrier type term volume
Source rdacarrier
502 ## - DISSERTATION NOTE
Dissertation note أطروحة (ماجستير)-جامعة القاهرة، 2024.
504 ## - BIBLIOGRAPHY, ETC. NOTE
Bibliography, etc. note ببليوجرافيا: صفحات 176-180.
520 ## - SUMMARY, ETC.
Summary, etc. وتشمل هذه الرسالة العلم البصري الأصلي في الحضارة الإسلامية كجزء من التطور العلمي، مع تسليط الضوء على دور العلماء والفلاسفة الزجاج الذين استلهموا من القرآن الذي يشجع على استكشاف الكون. في عصرنا الحديث، حيث يُعزى التقدم العلمي غالبًا إلى الحضارة الغربية، ويظهر أنه لا أصل إرجاع فلسفة البصريات وإدراك البصر إلى الحضارة الإسلامية. ناقشت الرسالة نشوء علم البصريات عبر مختلف الحضارات، مع التركيز على جهود العلماء المبدعين في ترجمة ودراسة النظريات البصرية. استخدمت الرسالة منهجًا تجريبيًا لإثبات النتائج، مع الاستشهاد بآيات قرآنية صعبة بالنور والظل، كمصدر للإلهام. صنف الرسالة جهود العلماء إلى ثلاث مراحل: أولها، ترجمة التراث اليوناني وتصحيح الأسباب العلمية؛ ثانيها، توحيد نظريات بصريات بواسطة ابن الهيثم؛ وثالثها، تصحيح علم البصريات من العلماء المسلمين. أخذت نتائج الحضارة الإسلامية في تاثير علم البصريات
520 ## - SUMMARY, ETC.
Summary, etc. This thesis examines the origin of optics in Islamic civilization as a part of scientific development, highlighting the role of Muslim scholars and philosophers inspired by the Quran, which encourages the exploration of the universe. In our modern era, where scientific advancement is often attributed to Western civilization, it becomes essential to trace the foundations of the philosophy of optics and visual perception back to Islamic civilization. This necessity arises from the limited revival of scientific heritage on one hand and the lack of knowledge regarding the efforts of ancestors on the other. The thesis discusses the emergence of optics across various civilizations, focusing on the contributions of Muslim scholars in translating and studying optical theories. It employs an experimental methodology to validate results, referencing Quranic verses related to light and shadow as sources of inspiration. The thesis classifies scholars' efforts into three phases: the first phase involves translating Greek heritage and correcting scientific errors; the second phase entails the standardization of optics and its theories by Alhazen; and the third phase consists of the rectification of the science of optics carried out by Muslim scholars. The thesis also addresses the West's adoption of Arabic optical science in the twelfth and thirteenth centuries, covering aspects such as translation, the nature of light, theories of visual perception, and underlying mathematics. The findings underscore the significant role of Islamic civilization in establishing the science of optics, laying the groundwork for modern studies.
530 ## - ADDITIONAL PHYSICAL FORM AVAILABLE NOTE
Issues CD صدر أيضًا كقرص مدمج.
546 ## - LANGUAGE NOTE
Text Language النص بالعربية والملخص باللغة الإنجليزية والعربية.
650 #7 - SUBJECT ADDED ENTRY--TOPICAL TERM
Topical term or geographic name entry element الفلسفة الإسلامية
Source of heading or term qrmak
653 #0 - INDEX TERM--UNCONTROLLED
Uncontrolled term علم البصريات
-- الحضارة الإسلامية
-- علماء المسلمين
700 0# - ADDED ENTRY--PERSONAL NAME
Personal name السيد رزق الحجر
Relator term مشرف أطروحة.
700 0# - ADDED ENTRY--PERSONAL NAME
Personal name مجدي عمر
Relator term مشرف أطروحة.
900 ## - Thesis Information
Grant date 01-01-2024
Supervisory body السيد رزق الحجر
-- مجدي عمر
Discussion body عبد الحميد مدكور
-- أحمد فؤاد باشا
Universities جامعة القاهرة
Faculties كلية دار العلوم
Department قسم الفلسفة الإسلامية
905 ## - Cataloger and Reviser Names
Cataloger Name Sara Salah
Reviser Names Afaf
942 ## - ADDED ENTRY ELEMENTS (KOHA)
Source of classification or shelving scheme Dewey Decimal Classification
Koha item type Thesis
Edition 21
Suppress in OPAC No
المقتنيات
Source of classification or shelving scheme Home library Current library Date acquired Inventory number Full call number Barcode Date last seen Effective from Koha item type
Dewey Decimal Classification المكتبة المركزبة الجديدة - جامعة القاهرة قاعة الرسائل الجامعية - الدور الاول 26.08.2025 32425 Cai01.06.06.M.Sc.2024.عب.ت 01010100032425000 26.08.2025 26.08.2025 Thesis
Cairo University Libraries Portal Implemented & Customized by: Eng. M. Mohamady Contacts: new-lib@cl.cu.edu.eg | cnul@cl.cu.edu.eg
CUCL logo CNUL logo
© All rights reserved — Cairo University Libraries
CUCL logo
Implemented & Customized by: Eng. M. Mohamady Contact: new-lib@cl.cu.edu.eg © All rights reserved — New Central Library
CNUL logo
Implemented & Customized by: Eng. M. Mohamady Contact: cnul@cl.cu.edu.eg © All rights reserved — Cairo National University Library